Sports Quiz

Random Sports or MLB Quiz

Blackboard Blitz: MLB Teams Quiz Stats

 Plays Quiz Updated Jan 25, 2018

Challenge
Share
Tweet
Score 0/12 Timer 01:00
17 Plays Today
% Correct
Lakers
96.2%
Bulls
95.8%
Jaguars
95.5%
Wild
95.3%
Cowboys
94.8%
49ers
94.5%
Jazz
94.1%
Titans
93.4%
Avalanche
92.7%
Blues
91.9%
Senators
89.1%
Predators
88.3%

You're not logged in!

Compare scores with friends on all Sporcle quizzes.
OR
Log In

You Might Also Like...

Show Comments

Extras

Top Quizzes Today


Score Distribution

Your Account Isn't Verified!

In order to create a playlist on Sporcle, you need to verify the email address you used during registration. Go to your Sporcle Settings to finish the process.

Report this User

Report this user for behavior that violates our Community Guidelines.

Details: